Geography Quiz

Random Geography or State Quiz

Same Vowel States Quiz Stats

 Plays Quiz Updated Feb 23, 2016

Challenge
Share
Tweet
Embed
Score 0/6 Timer 01:30
3 Plays Today
U.S. State % Correct
Alabama
90.6%
Alaska
85.3%
Mississippi
82.3%
Arkansas
74.6%
Kansas
68%
Tennessee
66%

You're not logged in!

Compare scores with friends on all Sporcle quizzes.
Join for Free
OR
Log In

You Might Also Like...

Show Comments

Extras

Top Quizzes Today


Score Distribution

Your Account Isn't Verified!

In order to create a playlist on Sporcle, you need to verify the email address you used during registration. Go to your Sporcle Settings to finish the process.

Report this User

Report this user for behavior that violates our Community Guidelines.

Details: